Psychology And Sociology Behavioural Science For First Year G N M Solved Text Paper Question Bank (Record no. 11978)
[ view plain ]
| 000 -LEADER | |
|---|---|
| fixed length control field | 00385nam a2200133Ia 4500 |
| 008 - FIXED-LENGTH DATA ELEMENTS--GENERAL INFORMATION | |
| fixed length control field | 220613s9999||||xx |||||||||||||| ||und|| |
| 100 ## - MAIN ENTRY--PERSONAL NAME | |
| Author Name | Madhavi K |
| 245 #0 - TITLE STATEMENT | |
| Title | Psychology And Sociology Behavioural Science For First Year G N M Solved Text Paper Question Bank |
| 250 ## - EDITION STATEMENT | |
| Edition | 1st(2021) |
| 260 ## - PUBLICATION, DISTRIBUTION, ETC. (IMPRINT) | |
| Name of publisher | Vijayam Publication |
| 300 ## - PHYSICAL DESCRIPTION | |
| Page No | 72 |
| 650 ## - SUBJECT ADDED ENTRY--TOPICAL TERM | |
| Subject | Psychology Nursing |
| 942 ## - ADDED ENTRY ELEMENTS (KOHA) | |
| Koha item type | Nursing |
| Withdrawn status | Lost status | Source of classification or shelving scheme | Damaged status | Not for loan | Home library | Current library | Date acquired | Total Checkouts | Barcode | Date last seen | Date checked out | Copy number | Koha item type | Price effective from |
|---|---|---|---|---|---|---|---|---|---|---|---|---|---|---|
| Dewey Decimal Classification | SRHU Library System | SRHU Library System | 01/12/2023 | 6 | CL0020460 | 18/02/2026 | 31/01/2026 | 1 | Nursing | |||||
| Dewey Decimal Classification | SRHU Library System | SRHU Library System | 28/02/2023 | 6 | CL0020461 | 07/03/2026 | 07/02/2026 | 2 | Nursing | |||||
| Dewey Decimal Classification | SRHU Library System | SRHU Library System | 27/02/2023 | 4 | CL0020462 | 01/05/2025 | 12/04/2025 | 3 | Nursing | |||||
| Dewey Decimal Classification | SRHU Library System | SRHU Library System | 15/05/2024 | CL0020463 | 4 | Nursing | ||||||||
| Dewey Decimal Classification | SRHU Library System | SRHU Library System | 12/04/2025 | 2 | CL0020459 | 09/03/2026 | 31/01/2026 | Nursing | 12/04/2025 |
